Normal view MARC view

Entry Nombre personal

Number of records used in: 2

001 - NÚMERO DE CONTROL

  • campo de control: 1037

003 - IDENTIFICADOR DE NÚMERO DE CONTROL

  • campo de control: DLC

005 - FECHA Y HORA DE LA ÚLTIMA TRANSACCIÓN

  • campo de control: 20260409141550.0

008 - ELEMENTOS DE DATO DE LONGITUD-FIJA

  • campo de control de longitud fija: 970326n| acannaabn |a aaa

010 ## - NÚMERO DE CONTROL DE LA BIBLIOTECA DEL CONGRESO

  • Número de control de LC: n 97031865
  • Número de control de LC cancelado o no válido: nb2002041565

035 ## - NÚMERO DE CONTROL DEL SISTEMA

  • Número de control de sistema: (OCoLC)oca04304202

040 ## - FUENTE DE CATALOGACIÓN

  • Centro catalogador/agencia de origen: DLC
  • Centro/agencia transcriptor: DLC
  • Centro/agencia modificador: DLC-ON
  • Centro/agencia modificador: UkCU
  • Centro/agencia modificador: DLC

100 1# - ENCABEZAMIENTO-NOMBRE DE PERSONA

  • Nombre de persona: Albanese, Marilia

400 1# - TRAZADO DE VÉASE--NOMBRE DE PERSONA

  • Subcampo de control: nne
  • Nombre de persona: Albanese, Maria Ausilia

670 ## - FUENTE DE DATOS ENCONTRADOS

  • Cita de la fuente: Velocità, 1998:
  • Información encontrada: t.p. (Albanese) p. 129 (Marilia Albanese)

670 ## - FUENTE DE DATOS ENCONTRADOS

  • Cita de la fuente: Architecture in India, 2000:
  • Información encontrada: jkt. (b. 1952, in Milan, Italy; presently, prin., Municipal Schools of Eastern Languages and Eastern Cultures, and dir., Italian Inst. for Africa and Eastern Countries)

670 ## - FUENTE DE DATOS ENCONTRADOS

  • Cita de la fuente: Splendours of the lost civilizations, 1999:
  • Información encontrada: contents p. (Maria Ausilia Albanese)

670 ## - FUENTE DE DATOS ENCONTRADOS

  • Cita de la fuente: Angkor, 2002:
  • Información encontrada: verso t.p. (Marilia Albanese) jkt. (dir., Italian Inst. for Africa and the Orient; Education Coordinator at Civic School of Oriental Cultures and Languages in Milan; list of writings incl. Splendors of the lost civilizations)